<?xml version="1.0" encoding="UTF-8"?>
<record
    xmlns:xsi="http://www.w3.org/2001/XMLSchema-instance"
    xsi:schemaLocation="http://www.loc.gov/MARC21/slim http://www.loc.gov/standards/marcxml/schema/MARC21slim.xsd"
    xmlns="http://www.loc.gov/MARC21/slim">

  <leader>00943nam a22002177a 4500</leader>
  <controlfield tag="005">20240814173949.0</controlfield>
  <controlfield tag="008">                                   eng d</controlfield>
  <datafield tag="040" ind1=" " ind2=" ">
    <subfield code="a">NALT</subfield>
  </datafield>
  <datafield tag="041" ind1=" " ind2=" ">
    <subfield code="a">eng</subfield>
  </datafield>
  <datafield tag="245" ind1="1" ind2="0">
    <subfield code="a">Constitution of Congo-Brazzville constitution of Rumania</subfield>
  </datafield>
  <datafield tag="260" ind1="3" ind2=" ">
    <subfield code="a">S.l. : </subfield>
    <subfield code="b">s.n., </subfield>
    <subfield code="c">n.d.</subfield>
  </datafield>
  <datafield tag="300" ind1=" " ind2=" ">
    <subfield code="a">1 v. ;</subfield>
    <subfield code="b"> 21 cm.</subfield>
  </datafield>
  <datafield tag="505" ind1="0" ind2=" ">
    <subfield code="a">CONGO-BRAZZAVILLE --
Constitution (December, 1963) --
RUMANIA --
Constitution of the Socialist Republic of Ramania (August, 1965). --
ASSOCIATION OF SECRETARIES GENERAL OF PARLIAMENTS --
(Ottawa session, september 1965) --
Limitations on the conduct and activities of Members of Parliament --
(Mr. P. O'Connell, Ireland, Rapporteur).</subfield>
  </datafield>
  <datafield tag="650" ind1="0" ind2="4">
    <subfield code="a">Constitutions</subfield>
  </datafield>
  <datafield tag="650" ind1="0" ind2="4">
    <subfield code="a">Constitution law -- Rumania</subfield>
  </datafield>
  <datafield tag="650" ind1="0" ind2="4">
    <subfield code="a">Rumania -- Constitutions</subfield>
  </datafield>
  <datafield tag="850" ind1=" " ind2=" ">
    <subfield code="a">NALT</subfield>
  </datafield>
  <datafield tag="942" ind1=" " ind2=" ">
    <subfield code="c">LB</subfield>
    <subfield code="2">lcc</subfield>
  </datafield>
  <datafield tag="999" ind1=" " ind2=" ">
    <subfield code="c">20181</subfield>
    <subfield code="d">20181</subfield>
  </datafield>
  <datafield tag="998" ind1=" " ind2=" ">
    <subfield code="j">25</subfield>
    <subfield code="k"> &#xE19;&#xE35;&#xE25;&#xE27;&#xE31;&#xE2A;&#xE19;&#xE4C; &#xE2D;&#xE34;&#xE19;&#xE17;&#xE23;&#xE31;&#xE01;&#xE29;&#xE32;</subfield>
  </datafield>
  <datafield tag="090" ind1=" " ind2=" ">
    <subfield code="a">KD35.R6.4 C66</subfield>
  </datafield>
  <datafield tag="952" ind1=" " ind2=" ">
    <subfield code="0">0</subfield>
    <subfield code="1">0</subfield>
    <subfield code="4">0</subfield>
    <subfield code="7">0</subfield>
    <subfield code="8">CLAW</subfield>
    <subfield code="a">NALT</subfield>
    <subfield code="b">NALT</subfield>
    <subfield code="l">0</subfield>
    <subfield code="o">KD 35.R6.4 C66</subfield>
    <subfield code="p">3961135058</subfield>
    <subfield code="r">2017-06-09 00:00:00</subfield>
    <subfield code="w">2017-06-09</subfield>
    <subfield code="y">LB</subfield>
  </datafield>
</record>
